000 00610nam a2200229Ia 4500
003 OSt
005 20221007063553.0
006 a|||||r|||| 00| 0
007 ta
008 221006b |||||||| |||| 00| 0 eng d
024 _a23,663
037 _cTextual
040 _aFLL
_cFLL
_beng
041 _2eng
_aeng
082 _aZ2:8831, F9;1
100 _aChakravarty K. C.
_9684503
245 0 _aLegal practioners act
260 _aCalcutta
_bEastern Law House India
_c1929
300 _ax,218p
_ccm.
942 _hZ2:8831, F9;1
_cTEXL
_2CC
999 _c1131570
_d1131570